000 00416nam a2200205Ia 4500
001 002413
003 YMCAF
005 20230512160140.0
008 100717s1970 ||||||||||||||||| ||und|d
024 _a2413
035 _a2393
040 _aYMCAF
_beng
_cIN-KoLT
041 _aeng
082 _aTRA-KIV5
100 _aKIVER MILTON
245 0 _aTRANSISTOR
260 _c1970
300 _a528
942 _2ddc
_cBK
999 _c1955
_d1955